| 000 | 01478cam a2200361 a 4500 | ||
|---|---|---|---|
| 001 | EDZ0000083350 | ||
| 003 | StDuBDS | ||
| 005 | 20161031105202.0 | ||
| 006 | m||||||||d|||||||| | ||
| 007 | cr ||||||||||| | ||
| 008 | 120427s2011 enk fo| 001|0|eng|d | ||
| 020 |
_a9781446251980 (ebook) : _cNo price |
||
| 040 |
_aStDuBDS _beng _cStDuBDS _epn |
||
| 049 | _aAlfaisal Main Library | ||
| 050 | 0 |
_aRC489.S65 _bH366 2011 |
|
| 082 | 0 | 4 |
_a616.8914 _223 |
| 100 | 1 |
_aHanton, Paul, _d1962- |
|
| 245 | 1 | 0 |
_aSkills in solution focused brief counselling & psychotherapy _h[electronic resource] / _cby Paul Hanton. |
| 260 |
_aLondon : _bSAGE, _c2011. |
||
| 300 | _a1 online resource (viii, 137 p.). | ||
| 490 | 1 | _aSkills in counselling & psychotherapy | |
| 520 | 8 | _aIn recent years, solution-focused brief therapy (SFBT) has emerged as the therapy of choice for many health and social care professionals. This book focuses specifically on SFBT skills and practice, covering key techniques and interventions. | |
| 521 | _aSpecialized. | ||
| 588 | _aDescription based on print version record. | ||
| 500 | _aIncludes index. | ||
| 650 | 0 | _aSolution-focused brief therapy. | |
| 655 | 7 |
_aElectronic books. _2local |
|
| 710 | 2 | _aSage eBooks | |
| 776 | 0 | 8 |
_iPrint version : _z9781849206228 |
| 830 | 0 | _aSkills in counselling & psychotherapy. | |
| 856 | 4 | 0 | _uhttp://ezproxy.alfaisal.edu/login?url=http://sk.sagepub.com/books/skills-in-solution-focused-brief |
| 942 |
_2lcc _cEBOOKS |
||
| 999 |
_c481213 _d481213 |
||